Poľnohospodári na prvých cestách

Základné rozloženie najstarších známych oblastí sveta, kde nezávisle vznikla produkcia potravín. Tri výhody prvých poľnohospodárov voči lovcom - zberačom. Expanzia prvých poľnohospodárov prináša i expaziu jazykov ako nástroj.

Gespeichert in:
Bibliographische Detailangaben
1. Verfasser: Urban, Zdeněk
Format: Buchkapitel
Sprache:Slowakisch
Schlagworte:
Tags: Tag hinzufügen
Keine Tags, Fügen Sie das erste Tag hinzu!

MARC

LEADER 00000naa a2200000 4500
001 r048722
005 20230908082716.4
041 0 |a slo 
044 |a SK 
245 1 0 |a Poľnohospodári na prvých cestách  |c Zdeněk Urban 
520 |a Základné rozloženie najstarších známych oblastí sveta, kde nezávisle vznikla produkcia potravín. Tri výhody prvých poľnohospodárov voči lovcom - zberačom. Expanzia prvých poľnohospodárov prináša i expaziu jazykov ako nástroj. 
610 2 0 |a civilizácia 
610 2 0 |a osídľovanie 
610 2 0 |a výroba poľnohospodárska 
610 2 0 |a poľnohospodárstvo 
610 2 0 |a história 
610 2 0 |a svet 
100 1 |a Urban, Zdeněk